Men take over the shopping. (Record no. 61061)
[ view plain ]
| 000 -LEADER | |
|---|---|
| fixed length control field | 00856cam a2200181 4500 |
| 001 - CONTROL NUMBER | |
| control field | WB3524-20 |
| 008 - FIXED-LENGTH DATA ELEMENTS--GENERAL INFORMATION | |
| fixed length control field | 000000n1999 000 0 eng u |
| 035 ## - SYSTEM CONTROL NUMBER | |
| System control number | (Sirsi) u101967 |
| 245 ## - TITLE STATEMENT | |
| Title | Men take over the shopping. |
| 260 ## - PUBLICATION, DISTRIBUTION, ETC. | |
| Date of publication, distribution, etc. | 1999 |
| 490 ## - SERIES STATEMENT | |
| Series statement | Financial Times |
| Volume/sequential designation | 19 June 1999, 5(1) |
| 520 ## - SUMMARY, ETC. | |
| Summary, etc. | The Henley Centre says that the internet is becoming a male shopper's paradise because cyber-shopping is quick, discreet & anonymous and internet retailers offer the products men want to buy: 13% of men shop online, compared with 2% of women. The report, The impact of the internet economy in Europe compares the internet with the industrial revolution. Financial Times 19 June 1999, 5(1) |
| 650 ## - SUBJECT ADDED ENTRY--TOPICAL TERM | |
| Topical term or geographic name entry element | INTERNET |
| 650 ## - SUBJECT ADDED ENTRY--TOPICAL TERM | |
| Topical term or geographic name entry element | MANAGEMENT-BUSINESS MANAGEMENT-INFORMATION MANAGEMENT |
| 650 ## - SUBJECT ADDED ENTRY--TOPICAL TERM | |
| Topical term or geographic name entry element | RETAIL |
| 690 ## - LOCAL SUBJECT ADDED ENTRY--TOPICAL TERM (OCLC, RLIN) | |
| Topical term or geographic name as entry element | ECONOMIC AND SOCIAL |
| 942 ## - ADDED ENTRY ELEMENTS (KOHA) | |
| Suppress in OPAC | 0 |
| Withdrawn status | Lost status | Source of classification or shelving scheme | Damaged status | Not for loan | Home library | Current library | Shelving location | Date acquired | Total Checkouts | Full call number | Barcode | Date last seen | Copy number | Price effective from | Koha item type |
|---|---|---|---|---|---|---|---|---|---|---|---|---|---|---|---|
| Dewey Decimal Classification | London | London | News article | 15/11/1999 | WB3524-20 | 101967-1001 | 06/08/2019 | 1 | 06/08/2019 | News article |